Animal physiology (Record no. 63298)
[ view plain ]
| 000 -LEADER | |
|---|---|
| fixed length control field | 00471nam a2200217 454500 |
| 001 - CONTROL NUMBER | |
| control field | 063298 |
| 003 - CONTROL NUMBER IDENTIFIER | |
| control field | BD-ChCU |
| 008 - FIXED-LENGTH DATA ELEMENTS--GENERAL INFORMATION | |
| fixed length control field | Eng |
| 020 ## - INTERNATIONAL STANDARD BOOK NUMBER | |
| International Standard Book Number | 8121903513 |
| 040 ## - CATALOGING SOURCE | |
| Original cataloging agency | DLC |
| Transcribing agency | DLC |
| Modifying agency | BD-ChCU |
| 082 00 - DEWEY DECIMAL CLASSIFICATION NUMBER | |
| Classification number | 571.1/V522a |
| 100 1# - MAIN ENTRY--PERSONAL NAME | |
| Personal name | Verma, P.S. |
| Numeration | Tlyagi, B.S. |
| 245 10 - TITLE STATEMENT | |
| Title | Animal physiology |
| Remainder of title | x |
| 250 ## - EDITION STATEMENT | |
| Edition statement | 6 ed. |
| 260 ## - PUBLICATION, DISTRIBUTION, ETC. | |
| Place of publication, distribution, etc. | New Delhi |
| Name of publisher, distributor, etc. | S. Chand |
| Date of publication, distribution, etc. | 1980 |
| 300 ## - PHYSICAL DESCRIPTION | |
| Extent | 417 |
| 504 ## - BIBLIOGRAPHY, ETC. NOTE | |
| Bibliography, etc. note | x |
| 650 #0 - SUBJECT ADDED ENTRY--TOPICAL TERM | |
| Topical term or geographic name entry element | Physiology |
| Topical term following geographic name entry element | Zoology |
| 700 1# - ADDED ENTRY--PERSONAL NAME | |
| Personal name | x |
| 942 ## - ADDED ENTRY ELEMENTS (KOHA) | |
| Source of classification or shelving scheme | Dewey Decimal Classification |
| Koha item type | Books |
| Withdrawn status | Lost status | Source of classification or shelving scheme | Damaged status | Not for loan | Home library | Current library | Date acquired | Source of acquisition | Total Checkouts | Full call number | Barcode | Date last seen | Copy number | Price effective from | Koha item type | Public note | Shelving location |
|---|---|---|---|---|---|---|---|---|---|---|---|---|---|---|---|---|---|
| Dewey Decimal Classification | Chittagong University Library | Chittagong University Library | 06/14/2015 | Purchase | 571.1/V522a | 267965 | 09/13/2015 | 3 | 09/13/2015 | Books | x | ||||||
| Dewey Decimal Classification | Chittagong University Library | Chittagong University Library | 08/07/2018 | Purchase | 571.1/V522a | 304750 | 08/07/2018 | 4 | 08/07/2018 | Books | |||||||
| Dewey Decimal Classification | Chittagong University Library | Chittagong University Library | 08/07/2018 | Purchase | 571.1/V522a | 304751 | 08/07/2018 | 5 | 08/07/2018 | Books | |||||||
| Dewey Decimal Classification | Chittagong University Library | Chittagong University Library | 08/07/2018 | Purchase | 571.1/V522a | 304752 | 08/07/2018 | 6 | 08/07/2018 | Books | |||||||
| Dewey Decimal Classification | Chittagong University Library | Chittagong University Library | 10/22/2025 | purchase | 571.1/V522a | 342949 | 10/22/2025 | C-7 | 10/22/2025 | Books | Science Reading Room | ||||||
| Dewey Decimal Classification | Chittagong University Library | Chittagong University Library | 10/22/2025 | purchase | 571.1/V522a | 342950 | 10/22/2025 | C-8 | 10/22/2025 | Books | Science Reading Room | ||||||
| Dewey Decimal Classification | Chittagong University Library | Chittagong University Library | 10/22/2025 | purchase | 571.1/V522a | 342951 | 10/22/2025 | C-9 | 10/22/2025 | Books | Science Reading Room |